000 00641nam a2200241Ia 4500
003 OSt
005 20220918204252.0
006 a|||||r|||| 00| 0
007 ta
008 220917b |||||||| |||| 00| 0 eng d
024 _a111,814
037 _cTextual
040 _aARTS
_cARTS
_beng
041 _2eng
_aeng
082 _aV52xN00, K6
100 _aLane Frederic C
_996735
245 0 _aVenice and history
_b the collected papers
260 _aBaltimore
_bJohns Hopkins
_c1966
300 _axxi,560p.
_ccm.
650 _aHISTORY
942 _hV52xN00, K6
_cTEXL
_2CC
999 _c235163
_d235163